Statistiques concernant Les plus grandes villes de la péninsule arabique

Cliquez ici pour prendre le quiz!

Statistiques générales

  • Ce quiz a été pris 97 fois
  • Le résultat moyen est 8 sur 11

Statistiques - réponses

PopulationResponse% Correct
7.75 milleRiyad
94%
2.30 milleDoha
89%
4.90 milleDubaï
89%
1.43 milleAbou Dabi
87%
2.71 milleSanaa
81%
2.08 milleLa Mecque
77%
4.68 milleKoweït
75%
1.36 milleMascate
68%
4.78 milleJeddah
43%
2.45 milleDammam
24%
1.49 milleMedina
24%

Distribution des résultats

Percentile par nombre de réponses

% des personnes avec chaque résultat

Votre développement - résultats

Vous n’avez pas pris ce quiz